[Event "Mirandola Giovanni Pico op 4th"]
[Site "Mirandola"]
[Date "2011.01.14"]
[Round "1"]
[White "Gabbriellini, Gianfranco"]
[Black "Franco, Alessandro"]
[Result "1-0"]
[WhiteElo "1527"]
[BlackElo "1925"]
[PlyCount "107"]
[EventDate "2011.01.14"]
[EventType "swiss"]
[EventRounds "5"]
[EventCountry "ITA"]
[SourceTitle "EXT 2012"]
[Source "ChessBase"]
[SourceDate "2011.11.24"]
[SourceVersion "1"]
[SourceVersionDate "2011.11.24"]
[SourceQuality "1"]

1. d4 e6 2. Nf3 c5 3. e3 d5 4. Be2 Nc6 5. 0-0 b6 6. c3 Nf6 7. Nbd2 Bd6 8. Bb5 Bb7 9. Qa4 Qc7 10. Ne5 Bxe5 11. dxe5 Nd7 12. Qg4 Ndxe5 13. Qxg7 0-0-0 14. f4 Rdg8 15. Qf6 Ng4 16. Qh4 Nxe3 17. Rf2 Ne7 18. Qf6 N7f5 19. Qe5 d4 20. Qxc7+ Kxc7 21. Bf1 Nxg2 22. Bxg2 Ne3 23. Nf3 Nxg2 24. Kf1 Ne3+ 25. Ke2 Bxf3+ 26. Kxf3 Rg1 27. cxd4 cxd4 28. Ke4 Rd8 29. b3 Nd1 30. Rc2+ Nc3+ 31. Ke5 Rd5+ 32. Kf6 Rg6+ 33. Kxf7 Rd7+ 34. Kf8 Rg1 35. Rb1 Kd6 36. Ba3+ Kd5 37. Rxg1 Ke4 38. Bb2 Rc7 39. Rg7 d3 40. Rxc3 d2 41. Rg1 Rxc3 42. Bxc3 Kd3 43. Bxd2 Kxd2 44. Kf7 Ke3 45. Rg3+ Kxf4 46. Kxe6 h5 47. Rg7 a5 48. a4 h4 49. Rb7 Kg4 50. Rxb6 Kh3 51. Rb5 Kxh2 52. Rxa5 h3 53. Rh5 Kg2 54. Rxh3 1-0

[Event "PD-RO Province-ch"]
[Site "Monselice"]
[Date "2008.01.13"]
[Round "4"]
[White "Zanirato, Stefano"]
[Black "Franco, Alessandro"]
[Result "1-0"]
[WhiteElo "1943"]
[BlackElo "1679"]
[PlyCount "49"]
[EventDate "2008.01.11"]
[EventType "swiss"]
[EventRounds "5"]
[EventCountry "ITA"]
[SourceTitle "EXT 2010"]
[Source "ChessBase"]
[SourceDate "2010.11.25"]
[SourceVersion "1"]
[SourceVersionDate "2010.11.25"]
[SourceQuality "1"]

1. e4 e6 2. d4 d5 3. Bd3 c5 4. c3 Nf6 5. e5 Nfd7 6. Nf3 Nc6 7. 0-0 Qb6 8. a3 cxd4 9. Re1 dxc3 10. Nxc3 g6 11. Na4 Qc7 12. Bf4 Bg7 13. Rc1 0-0 14. b4 Qb8 15. Qe2 Ne7 16. Nc5 b6 17. Na6 Bxa6 18. Bxa6 Qe8 19. Rc7 Nb8 20. Bb7 Qa4 21. Rxe7 Qxa3 22. Bxa8 Qxb4 23. Bg5 a5 24. Ra7 a4 25. Be7 1-0